Solid Mechanics (Record no. 5449)

MARC details
000 -LEADER
fixed length control field 00345nam a2200145Ia 4500
008 - FIXED-LENGTH DATA ELEMENTS--GENERAL INFORMATION
fixed length control field 191201s2010 xx 000 0 und d
082 ## - DEWEY DECIMAL CLASSIFICATION NUMBER
Classification number 620.105
Item number BHS
100 ## - MAIN ENTRY--PERSONAL NAME
Personal name BHAVIKATTI, SS
245 #0 - TITLE STATEMENT
Title Solid Mechanics
250 ## - EDITION STATEMENT
Edition statement 1ST
260 ## - PUBLICATION, DISTRIBUTION, ETC. (IMPRINT)
Place of publication, distribution, etc N. Delhi
Name of publisher, distributor, etc Vikas Publication House
Date of publication, distribution, etc 2010
300 ## - PHYSICAL DESCRIPTION
Extent 412
650 ## - SUBJECT ADDED ENTRY--TOPICAL TERM
Topical term or geographic name as entry element B.Tech(CE)
942 ## - ADDED ENTRY ELEMENTS (KOHA)
Source of classification or shelving scheme Dewey Decimal Classification
Koha item type Text Books
Holdings
Withdrawn status Lost status Source of classification or shelving scheme Damaged status Not for loan Collection code Home library Current library Date acquired Source of acquisition Cost, normal purchase price Bill Number Total Checkouts Full call number Acc. no. / Barcode Date last seen Bill Date Koha item type
    Dewey Decimal Classification     B.Tech(CE) PIET C-LIBRARY PIET C-LIBRARY 25/07/2012 IBH, New Delhi 275.00 6408   620.105 BHS 20604 04/12/2019 24/07/2012 Text Books
    Dewey Decimal Classification     B.Tech(CE) PIET C-LIBRARY PIET C-LIBRARY 25/07/2012 IBH, New Delhi 275.00 6408   620.105 BHS 20605 04/12/2019 24/07/2012 Text Books
    Dewey Decimal Classification     B.Tech(CE) PIET C-LIBRARY PIET C-LIBRARY 25/07/2012 IBH, New Delhi 275.00 6408   620.105 BHS 20606 04/12/2019 24/07/2012 Text Books
    Dewey Decimal Classification     B.Tech(CE) PIET C-LIBRARY PIET C-LIBRARY 25/07/2012 IBH, New Delhi 275.00 6408   620.105 BHS 20607 04/12/2019 24/07/2012 Text Books
    Dewey Decimal Classification     B.Tech(CE) PIET C-LIBRARY PIET C-LIBRARY 25/07/2012 IBH, New Delhi 275.00 6408   620.105 BHS 20608 04/12/2019 24/07/2012 Text Books

Design & Developed by: PIET Central Library
R70 Miles Stone Pattikalyana Samalkha Panipat 132102
mail ID :- [email protected], Phone No:- 0180-2569700 Ex.216